00321 2200145 4500245004200000250001100042100001600053650001700069005001900086260001400105041001400119084001300133300002000146336000900166 aGood Bye and HallocNaoko, WadahText aCet. 1 aNaoko, Wada aKomik Jepang a20230202100337 bSS Comics aIndonesia a741.5592 ailus. :c17 cm. atext